| 000 | 00366nam a2200145Ia 4500 | ||
|---|---|---|---|
| 008 | 230312s9999||||xx |||||||||||||| ||und|| | ||
| 020 | _a81-7758-409-7 | ||
| 082 |
_a621.381 _bMAN-D |
||
| 100 | _aMano,M.Morris | ||
| 245 | 0 | _aDigital Logic and Computer Design | |
| 260 |
_bPearson _aIndia _c2008 |
||
| 300 | _a612 | ||
| 650 |
_aEngineering _vEngineering |
||
| 942 | _cBK | ||
| 999 |
_c11311 _d11311 |
||